Phenomena of social innovation: successes, challenges, perspectives

Fenomén sociálnych inovácií: úspechy, výzvy, perspektívy. Pojem sociálne inovácie. Identifikácia hlavných bariér sociálnych inovácií.

Salvato in:
Dettagli Bibliografici
Autore principale: Kováčová, Jaroslava
Natura: Capitolo di libro
Lingua:inglese
Soggetti:
Tags: Aggiungi Tag
Nessun Tag, puoi essere il primo ad aggiungerne!!

MARC

LEADER 00000nla a2200000 4500
001 0208298
005 20240502073449.3
041 0 |a eng 
044 |a SK 
245 1 0 |a Phenomena of social innovation: successes, challenges, perspectives  |c Jaroslava Kováčová 
520 |a Fenomén sociálnych inovácií: úspechy, výzvy, perspektívy. Pojem sociálne inovácie. Identifikácia hlavných bariér sociálnych inovácií. 
610 2 0 |a spoločnosť 
610 2 0 |a vzťahy spoločenské 
610 2 0 |a inovácia 
610 2 0 |a inovácie sociálne 
610 2 0 |a stratégia podnikateľská 
100 1 |a Kováčová, Jaroslava